000 00278nam a2200121Ia 4500
008 190216s9999||||xx |||||||||||||| ||und||
100 _aKrishna Varma Raja P C
245 0 _aMicro Economoics
260 _bS Chand & Co
_c1991
300 _a222
650 _aEconomics
942 _cBK
999 _c9890
_d9890